Geology of the Lake Peters area, northeastern Brooks Range, Alaska, (Record no. 30445)

MARC details
000 -LEADER
fixed length control field 00963cam a22002771 4500
001 - CONTROL NUMBER
control field gs 68000206
003 - CONTROL NUMBER IDENTIFIER
control field DLC
005 - DATE AND TIME OF LATEST TRANSACTION
control field 20260227111422.0
008 - FIXED-LENGTH DATA ELEMENTS--GENERAL INFORMATION
fixed length control field 710913s1968 dcuab b 00010 eng c
010 ## - LIBRARY OF CONGRESS CONTROL NUMBER
LC control number gs 68000206 //r85
040 ## - CATALOGING SOURCE
Original cataloging agency U.S. Geol. Survey. Libr.
043 ## - GEOGRAPHIC AREA CODE
Geographic area code n-us-ak
050 0# - LIBRARY OF CONGRESS CALL NUMBER
Classification number QE75
Item number .B9 no. 1236
051 ## - LIBRARY OF CONGRESS COPY, ISSUE, OFFPRINT STATEMENT
Classification number QE84.P47
Item number R43
Copy information Copy 2.
082 ## - DEWEY DECIMAL CLASSIFICATION NUMBER
Classification number 557.98/7
100 10 - MAIN ENTRY--PERSONAL NAME
Personal name Reed, Bruce L.,
Dates associated with a name 1934-
245 10 - TITLE STATEMENT
Title Geology of the Lake Peters area, northeastern Brooks Range, Alaska,
Statement of responsibility, etc. by Bruce L. Reed.
260 0# - PUBLICATION, DISTRIBUTION, ETC.
Place of publication, distribution, etc. Washington,
Name of publisher, distributor, etc. U.S. Govt. Print. Off.,
Date of publication, distribution, etc. 1968.
300 ## - PHYSICAL DESCRIPTION
Extent viii, 132 p.
Other physical details illus., maps (1 col.)
Dimensions 24 cm.
490 1# - SERIES STATEMENT
Series statement Geological Survey bulletin 1236
500 ## - GENERAL NOTE
General note Part of illustrative matter fold. in pocket.
504 ## - BIBLIOGRAPHY, ETC. NOTE
Bibliography, etc. note Bibliography: p. 124-127.
650 #0 - SUBJECT ADDED ENTRY--TOPICAL TERM
Topical term or geographic name entry element Geology
Geographic subdivision Alaska
-- Lake Peters region.
740 #1 - ADDED ENTRY--UNCONTROLLED RELATED/ANALYTICAL TITLE
Uncontrolled related/analytical title Lake Peters area, northeastern Brooks Range, Alaska.
830 #0 - SERIES ADDED ENTRY--UNIFORM TITLE
Uniform title Geological Survey bulletin ;
Volume/sequential designation 1236.

No items available.

Powered by Koha